Příručka terénního poradenství

Guardado en:
Detalles Bibliográficos
Formato: Libro
Lenguaje:checo
Publicado: Ostrava AKS 1992
Edición:1. vyd.
Materias:
Etiquetas: Agregar Etiqueta
Sin Etiquetas, Sea el primero en etiquetar este registro!

MARC

LEADER 00000nam a2200000 4500
001 c002308
005 20221214090453.6
041 0 |a cze 
044 |a CZ 
245 1 0 |a Příručka terénního poradenství 
250 |a 1. vyd. 
264 1 |a Ostrava  |b AKS  |c 1992 
300 |a 104 s. 
610 2 0 |a poradenstvo 
610 2 0 |a organizácie hospodárske